ՀՀ Գիտությունների ազգային ակադեմիայի հիմնարար գիտական գրադարան  =   Fundamental Scientific Library of NAS RA

Рассказы / (Record no. 531650)

MARC details
000 -LEADER
fixed length control field 01553nam a2200217 a 4500
001 - CONTROL NUMBER
control field 1662737
003 - CONTROL NUMBER IDENTIFIER
control field AM-YEHGA
005 - DATE AND TIME OF LATEST TRANSACTION
control field 20260129154205.0
008 - FIXED-LENGTH DATA ELEMENTS--GENERAL INFORMATION
fixed length control field 191021s1902 ru |||||||||||||0|||rus|d
040 ## - CATALOGING SOURCE
Original cataloging agency AM-YeHGA
041 0# - LANGUAGE CODE
Language code of text/sound track or separate title rus
090 ## - LOCALLY ASSIGNED LC-TYPE CALL NUMBER (OCLC); LOCAL CALL NUMBER (RLIN)
-- 570461
100 1# - MAIN ENTRY--PERSONAL NAME
Personal name Андреев, Леонид Николаевич,
Dates associated with a name 1871-1919
245 10 - TITLE STATEMENT
Title Рассказы /
Statement of responsibility, etc. Леонид Андреев.
260 ## - PUBLICATION, DISTRIBUTION, ETC.
Place of publication, distribution, etc. Санкт-Петербург :
Name of publisher, distributor, etc. Изд. Знание,
Date of publication, distribution, etc. 1902-
300 ## - PHYSICAL DESCRIPTION
Extent том
Dimensions 21 см.
505 10 - FORMATTED CONTENTS NOTE
Miscellaneous information Т. 1 (1902. [4], 268, [1] с. 2-е изд.) :
Title Большой шлем; Набат; Ангелочек; Молчание; Смех; Валя; Рассказ о Сергее Петровиче; На реке; Бездна; В подвале; Ложь; Петька на даче; У окна; Жили-были; Стена; В темную даль
Miscellaneous information Т. 2 (1906. - [6], 303 с. 4-е изд.) :
Title Мысль; В тумане; Жизнь Василия Фивейского; Призраки; Красный смех
Miscellaneous information Т. 3 (1908. - 294, [6] с. 4-е изд.) :
Title Мелкие рассказы Содерж.:Баргамот и Гараська; Защита; Из жизни шт.-кап. Каблукова; Молодежь; Первый гонорар; Друг; Мельком; Праздник; Прекрасна жизнь для воскресших; Гостинец [и др.]
650 14 - SUBJECT ADDED ENTRY--TOPICAL TERM
Topical term or geographic name entry element Художественная литература
9 (RLIN) 4918
650 14 - SUBJECT ADDED ENTRY--TOPICAL TERM
Topical term or geographic name entry element Русская литература
942 ## - ADDED ENTRY ELEMENTS (KOHA)
Source of classification or shelving scheme Universal Decimal Classification
Koha item type Գրքեր / Books
Holdings
Withdrawn status Lost status Source of classification or shelving scheme Damaged status Not for loan Collection Home library Current library Date acquired Serial enumeration / chronology Total checkouts Full call number Barcode Date last seen Price effective from Koha item type Public note
    Universal Decimal Classification     Kusikian Individual Collection Fundamental Scientific Library Fundamental Scientific Library 15/10/2024 Т. 3   Кус/30 FL0683943 15/10/2024 15/10/2024 Գրքեր / Books ILL Non-Circ.
    Universal Decimal Classification     Kusikian Individual Collection Fundamental Scientific Library Fundamental Scientific Library 20/12/2024 Т. 2   Кус/17 FL0685131 20/12/2024 20/12/2024 Գրքեր / Books ILL Non-Circ.
    Universal Decimal Classification     Kusikian Individual Collection Fundamental Scientific Library Fundamental Scientific Library 14/02/2025 Т. 1   Кус/78 FL0684855 14/02/2025 14/02/2025 Գրքեր / Books ILL Non-Circ.


ՀՀ ԳԱԱ հիմնարար գիտական գրադարան
ՀՀ,Երևան 0019
Մարշալ Բաղրամյան 24/6
հեռախոս:(374-10) 52-47-50
Հետադարձ կապ

All site content, except where otherwise noted, is licensed under a
Creative Commons License